000 00503nam a2200193Ia 4500
008 101110s9999 xx 000 0 und d
041 _aHINDI
082 _bSR20583
100 _aKala Minakshi
245 _aJagdishchandra Mathur : Prayog Dharmi Natakkar
365 _b75
520 _aHindi
546 _aHINDI
630 _aJagdishchandra Mathur : Prayog Dharmi Natakkar
650 _aHindi
655 _aHindi
730 _aJagdishchandra Mathur : Prayog Dharmi Natakkar
942 _cBOOK
999 _c813640
_d813637